Score 0/7 Timer 03:00
0 Plays Today
Question Answer Wrong Answers
The ‘______ Holiday Special’ airs on CBS and receives negative reviews from critics, fans, and even George Lucas himself.
1978
Star Wars
94.4%
Indiana Jones
2.3%
Blade Runner
0.7%
Superman
1.4%
This canal linking the Mediterranean Sea with the Red Sea is inaugurated.
1869
Suez Canal
91.8%
Erie Canal
1.2%
Grand Canal
3.7%
Panama Canal
2.7%
This city, which is the capital of Colorado today, is founded.
1858
Denver
90.7%
Boulder
7.3%
Fort Collins
0.9%
Aurora
1.1%
With 132 Republicans and 102 Democrats voting in support, the US House of Representatives passes a resolution to establish this trilateral trade agreement.
1993
NAFTA
87.9%
APEC
5%
EFTA
2.5%
OCED
2.6%
This American director and producer, known for directing films like ‘Taxi Driver’ and ‘Goodfellas’, is born.
1942
Martin Scorsese
80.7%
Steven Spielberg
2.1%
Francis Ford Coppola
12.7%
Stanley Kubrick
3.6%
In Czechoslovakia, a student protest in Prague is quelled by riot police, sparking a series of demonstrations in the following days and eventually leading to a non-violent transition of power known as the ______ Revolution.
1989
Velvet
79.1%
Silk
12.9%
Satin
4.6%
Wool
1.9%
Amid scandals involving corruption and human rights violations, Alberto Fujimori is removed from office as president of this South American country.
2000
Peru
42.8%
Venezuela
26.3%
Argentina
16.9%
Brazil
12%
Remove Ads.
Support Sporcle.
Get the best of Sporcle when you Go Orange. This ad-free experience offers more features, more stats, and more fun while also helping to support Sporcle. Thank you for becoming a member.

You're not logged in!

Compare scores with friends on all Sporcle quizzes.
OR
Log In

Show Comments

Extras

Top Quizzes Today


Score Distribution

Your Account Isn't Verified!

In order to create a playlist on Sporcle, you need to verify the email address you used during registration. Go to your Sporcle Settings to finish the process.

Report this User

Report this user for behavior that violates our Community Guidelines.

Details: